|
|
|
|
| LEADER |
01724nam a2200373 a 4500 |
| 001 |
7756 |
| 003 |
BD-DhAAL |
| 005 |
20151109133826.0 |
| 008 |
150711s2001 mau 000 1 eng |
| 010 |
|
|
|a 00061123
|
| 020 |
|
|
|a 0747266905
|
| 020 |
|
|
|a 0446610038
|
| 020 |
|
|
|a 0316666009
|
| 040 |
|
|
|a DLC
|c DLC
|d DLC
|d BD-DhAAL
|
| 050 |
0 |
0 |
|a PS3566.A822
|b A613 2001
|
| 082 |
0 |
0 |
|a 813/.54
|2 21
|
| 100 |
1 |
|
|a Patterson, James,
|d 1947-
|9 12794
|
| 245 |
1 |
0 |
|a 1st to die /
|c by James Patterson.
|
| 246 |
3 |
|
|a First to die
|
| 260 |
|
|
|a Boston :
|a London :
|b Headline,
|c c2001.
|
| 300 |
|
|
|a 468 p. ;
|c 18 cm.
|
| 541 |
|
|
|e 7756
|
| 650 |
|
0 |
|a Women detectives
|z California
|z San Francisco
|v Fiction.
|9 13127
|
| 650 |
|
0 |
|a Women in the professions
|v Fiction.
|9 13128
|
| 650 |
|
0 |
|a Female friendship
|v Fiction.
|9 5823
|
| 650 |
|
0 |
|a Serial murders
|v Fiction.
|9 12862
|
| 651 |
|
0 |
|a San Francisco (Calif.)
|v Fiction.
|9 12874
|
| 655 |
|
7 |
|a Mystery fiction.
|2 gsafd
|9 6244
|
| 942 |
|
|
|2 ddc
|c BK
|
| 999 |
|
|
|c 35042
|d 35042
|
| 952 |
|
|
|0 0
|1 0
|2 ddc
|4 0
|6 813_540000000000000_PAT
|7 0
|9 54922
|a SCL
|b SCL
|c GEN
|d 2015-07-11
|e Gift
|l 8
|m 45
|o 813.54 PAT
|p 3020007756
|r 2019-11-26
|s 2019-09-28
|t 1
|w 2015-07-11
|y BK
|
| 952 |
|
|
|0 0
|1 0
|2 ddc
|4 0
|6 813_000000000000000__54_PAT
|7 0
|9 56697
|a SCL
|b SCL
|c GEN
|d 2015-11-09
|e Gift:
|l 7
|m 39
|o 813.54 PAT
|p 3020007686
|r 2026-05-08
|s 2026-02-22
|t 2
|w 2015-11-09
|y BK
|
| 952 |
|
|
|0 0
|1 0
|2 ddc
|4 0
|6 813_000000000000000__54_PAT
|7 0
|9 59288
|a SCL
|b SCL
|c GEN
|d 2016-07-17
|e Fency Book House
|g 230.00
|l 7
|m 25
|o 813.54 PAT
|p 3020008659
|r 2023-06-04
|s 2023-05-28
|t 3
|w 2016-07-17
|y BK
|
| 952 |
|
|
|0 0
|1 0
|2 ddc
|4 0
|6 813_000000000000000__54_PAT
|7 0
|9 59413
|a SCL
|b SCL
|c GEN
|d 2016-07-23
|e Fency Book House
|g 230.00
|l 6
|m 33
|o 813.54 PAT
|p 3020008660
|r 2022-11-06
|s 2022-09-29
|t 4
|w 2016-07-23
|y BK
|